000
00322 a2200157 4500
001
70860
020
_a
852625235
040
_c
Anchieta - Itaigara
100
_a
Nicola, José de
240
1
0
_a
Minigramática
_l
por
245
1
0
_a
Minigramática
300
_a
496
362
0
_a
2002
650
4
_a
Português
942
_c
BK
999
_c
70860
_d
70860